00281nam a2200121Ia 45000030006000000080041000060400015000471000019000622450040000812600009001215460012001300050017001420STCL150530s9999 xx 000 0 und d aSTCLcSTCL aEdgar Thurston aCastes and tribes of southern India c1975 aEnglish20220125165458.0